Personnel management

Kaydedildi:
Detaylı Bibliyografya
Yazar: Croft, Arthur C (Yazar)
Materyal Türü: Kitap
Dil:İngilizce
Baskı/Yayın Bilgisi: Nueva York Alexander Hamilton Institute 1971
Edisyon:1a. ed
Seri Bilgileri:Modern Business
Konular:
Etiketler: Etiketle
Etiket eklenmemiş, İlk siz ekleyin!

MARC

LEADER 00000cam a2200000 a 4500
001 UCD7242
003 CL-VaPUC
008 170317e19710000us |||||||||||||||||eng|d
082 0 4 |a 658.3  |b CRO  |2 21 
100 0 |a Croft, Arthur C  |e author  |9 591192 
245 1 0 |a Personnel management 
250 |a 1a. ed 
300 |a 265 p 
942 |c BK 
945 |d 20170317 22:16:00  |a dcastane 
260 |a Nueva York  |b Alexander Hamilton Institute  |c 1971 
650 7 |a GESTION DEL PERSONAL  |2 CL-VaPUC  |9 463738 
650 0 |a Relaciones laborales   |9 335971 
650 0 |a Recursos humanos   |9 228420 
650 0 |a Relaciones interpersonales  |9 307056 
583 |a last modification  |c 20170317 22:16:00  |k Rodrigo Vera 
490 0 |a Modern Business 
999 |c 367304  |d 367302 
952 |0 0  |1 0  |3 erd  |4 0  |6 658_300000000000000_CRO_1971  |7 0  |8 A  |9 482128  |a BIBENE  |b BIBENE  |i 5381630  |o 658.3 CRO 1971  |p 5381630  |r 2025-01-15  |w 2019-11-24  |y BK  |z Catalogado en:20170317  |k ICO